|
|
|
|
| LEADER |
00000nab a2200000 ar4500 |
| 001 |
vtls011868757 |
| 003 |
SK-MaSNL |
| 005 |
20260305030751.0 |
| 008 |
190531c20180903xo mr|p|||||||000 b|slo |
| 038 |
|
|
|a SNSK
|
| 040 |
|
|
|a SNSK
|b slo
|e rda
|c SK
|
| 041 |
|
|
|a slo
|
| 043 |
|
|
|a e-xo- - -
|
| 044 |
|
|
|a xo
|c SK
|
| 080 |
|
|
|a 598.2
|2 2011
|
| 100 |
1 |
|
|a Eperješiová, Eva
|4 aut
|9 1034675
|
| 245 |
1 |
0 |
|a Slovenskí ornitológovia sa tešia
|c Eva Eperješiová; foto: Matej Repel, archív SOS/ Bird Life Slovensko
|
| 300 |
|
|
|b Fotografie
|
| 610 |
2 |
7 |
|a Slovenská ornitologická spoločnosť/BirdLife (Slovensko)
|2 snsk
|9 1595193
|
| 650 |
0 |
7 |
|a ornitológia
|2 snsk
|9 27379
|
| 650 |
0 |
7 |
|a krakľa belasá
|2 snsk
|9 995304
|
| 650 |
0 |
7 |
|a výskyt
|2 snsk
|9 877910
|
| 651 |
|
7 |
|a Senné (Michalovce, Slovensko)
|2 snsk
|9 175148
|
| 651 |
|
7 |
|a Chránené vtáčie územie Senné (Slovensko)
|2 snsk
|9 1607969
|
| 651 |
|
7 |
|a Michalovce (Slovensko : okres)
|2 snsk
|9 19216
|
| 773 |
0 |
|
|t Nový Čas
|g Roč. 28, č. 202 (3.9.2018), s. 14
|x 1335-4655
|
| 852 |
|
|
|a SNSK
|b KIS3GCP
|
| 856 |
4 |
1 |
|u https://www.cas.sk/clanok/735786/slovenski-ornitologovia-sa-tesia-vzacna-fotografia-sa-im-podarila-po-20-rokoch/
|
| 999 |
|
|
|c 3313232
|d 3315162
|